• 首页
  • 本馆介绍
  • 公告通知
  • 最新文献
  • 馆藏检索
  • 电子资源
  • 读者导购
  • 参考咨询
  • 我的图书馆
  • 登录
  • 详细信息显示
  • 放入我的书架
  • 预约/预借图书
  • 作者相关作品
  • 分类相关作品
  • 丛书相关作品
  • 出版社相关作品

书目信息

  • 表格格式
  • 工作单格式
  • 卡片格式
题名:
当世界年纪还小的时候
    
 
作者: 舒比格 著 ;贝尔纳 , 王泰智 , 沈惠珠 绘
分册:  
出版信息: 成都   四川少年儿童出版社  2017.08
页数: 334页
开本: 22cm
丛书名:
单 册:
中图分类: I516.85
科图分类:
主题词: 儿童故事--er tong gu shi--作品集--德国--现代
电子资源:
ISBN: 978-7-5365-6744-3
000 01298nam0 2200265 450
001 1935702014
005 20191107095523.75
010    @a978-7-5365-6744-3@b精装@dCNY88.00
100    @a20170906d2017 cemy0chiy50 ea
101 1  @achi@cger
102    @aCN@b510000
105    @aa z 000fy
200 1  @a当世界年纪还小的时候@Adang shi jie nian ji hai xiao de shi hou@f(德) 于尔克·舒比格著@g(德) 罗特劳特·苏珊娜·贝尔纳绘@g王泰智, 沈惠珠译
210    @a成都@c四川少年儿童出版社@d2017.08
215    @a334页@c彩图@d22cm
300    @a珍藏版
330    @a本书是德国著名儿童文学作家舒比格三本优秀作品的合集, 包括《当世界年纪还小的时候》《爸爸、妈妈、我和她》《大海在哪里》。这本合集沿袭了其代表作的特色和风格, 具有天马行空的想象力、匪夷所思的创造力和妙语连珠的幽默感, 是奇思妙想的大集合。富有智慧的舒比格像个孩子那样敏锐地观察这个世界, 因而本书是稀奇古怪、令人深思和富有哲理的故事集, 富有童真, 极有童趣, 饱含童心, 可谓孩子眼中的童话和成人心中的童话。
606 0  @a儿童故事@Aer tong gu shi@x作品集@y德国@z现代
690    @aI516.85@v5
701  1 @a舒比格@Ashu bi ge@g(Schubiger, Jurg)@4著
702  1 @a贝尔纳@Abei er na@g(Berner, Rotraut Susanne)@4绘
702  0 @a王泰智@Awang tai zhi@4译
702  0 @a沈惠珠@Ashen hui zhu@4译
801  0 @aCN@b人天书店@c20170906
905    @aBZT@dI516.85@e1
    
    当世界年纪还小的时候/(德) 于尔克·舒比格著/(德) 罗特劳特·苏珊娜·贝尔纳绘/王泰智, 沈惠珠译.-成都:四川少年儿童出版社,2017.08
    334页:彩图;22cm
    珍藏版
    
    ISBN 978-7-5365-6744-3(精装):CNY88.00
    本书是德国著名儿童文学作家舒比格三本优秀作品的合集, 包括《当世界年纪还小的时候》《爸爸、妈妈、我和她》《大海在哪里》。这本合集沿袭了其代表作的特色和风格, 具有天马行空的想象力、匪夷所思的创造力和妙语连珠的幽默感, 是奇思妙想的大集合。富有智慧的舒比格像个孩子那样敏锐地观察这个世界, 因而本书是稀奇古怪、令人深思和富有哲理的故事集, 富有童真, 极有童趣, 饱含童心, 可谓孩子眼中的童话和成人心中的童话。
●
相关链接 在五车中查询图书 在当当中查询图书 在豆瓣中查询图书


正题名:当世界年纪还小的时候     索取号:I516.85/1         预约/预借

序号 登录号 条形码 馆藏地/架位号 状态 备注
1 860813   2000860813   第一书库/ [索取号:I516.85/1] 在馆    
2 860814   2000860814   第一书库/ [索取号:I516.85/1] 在馆    
3 860815   2000860815   第一书库/ [索取号:I516.85/1] 在馆    
山东省滨州职业学院图书馆 欢迎您!
大连网信软件有限公司© 版权所有